Entremeses

Salvato in:
Dettagli Bibliografici
Autore principale: Cervantes y Saavedra, Miguel de (Autore)
Natura: Libro
Lingua:spagnolo
Pubblicazione: Madrid Magisterio Español 1979
Serie:Novelas y Cuentos. Sección Literatura. Serie Literatura Española. Clásicos. Siglo XVII
Soggetti:
Tags: Aggiungi Tag
Nessun Tag, puoi essere il primo ad aggiungerne!!

MARC

LEADER 00000nam a2200000 a 4500
001 UCQ1949
003 CL-VaPUC
008 980721e19790000SP |||||||||||||||||spa|d
082 0 4 |a 862  |b CER  |2 21 
100 |a Cervantes y Saavedra, Miguel de  |e author  |9 267947 
245 1 0 |a Entremeses 
300 |a 204 p 
942 |c BK 
945 |d 19980721 00:00:00  |a lriquelm 
260 |a Madrid  |b Magisterio Español  |c 1979 
650 0 |a Dramas españoles  |9 267081 
650 0 |a Literatura española  |9 306261 
583 |a last modification  |c 19980721 00:00:00  |k Rodrigo Vera 
490 0 |a Novelas y Cuentos. Sección Literatura. Serie Literatura Española. Clásicos. Siglo XVII 
999 |c 272792  |d 272790 
952 |0 0  |1 0  |4 0  |6 862_000000000000000_CER_1979  |7 0  |8 A  |9 307951  |a BIBEDU  |b BIBEDU  |d 2019-11-20  |i 1438441  |o 862 CER 1979  |p 1438441  |r 2019-11-20  |w 2019-11-20  |y BK  |k LIT